アイマス・ウマ娘共通声優 - Statistics

General Stats
  • This quiz has been taken 127 times
    85 since last reset
  • The average score is 21 of 38
Answer Stats
アイマス ウマ娘 声優 % Correct
伊吹翼 トウカイテイオー Machico
90%
アナスタシア アグネスタキオン 上坂すみれ
83%
島村卯月 ウオッカ 大橋彩香
82%
最上静香 シンボリルドルフ 田所あずさ
76%
片桐早苗 スペシャルウィーク 和氣あず未
75%
川島瑞樹 メジロラモーヌ 東山奈央
73%
緒方智絵里 タマモクロス 大空直美
70%
多田李衣菜 エアグルーヴ 青木瑠璃子
66%
馬場このみ エルコンドルパサー 髙橋ミナミ
65%
小日向美穂 エアシャカール 津田美波
63%
久川凪 サトノダイヤモンド 立花日菜
62%
渋谷凛 シーキングザパール 福原綾香
62%
三村かな子 タイキシャトル 大坪由佳
59%
藤原肇 アグネスデジタル 鈴木みのり
59%
村上巴 ツインターボ 花井美春
59%
及川雫 メジロパーマー のぐちゆり
55%
神谷奈緒 フジキセキ 松井恵理子
55%
緋田美琴 ダイタクヘリオス 山根綺
55%
浅利七海 アストンマーチャン 井上ほの花
54%
諸星きらり ヒシアケボノ 松嵜麗
54%
道明寺歌鈴 マチカネフクキタル 新田ひより
52%
城ヶ崎莉嘉 ユキノビジン 山本希望
52%
関裕美 メジロアルダン 会沢紗弥
48%
一ノ瀬志希 バンブーメモリー 藍原ことみ
48%
横山奈緒 ウイニングチケット 渡部優衣
48%
篠宮可憐 ビワハヤヒデ 近藤唯
46%
月岡恋鐘 ダイイチルビー 礒部花凜
45%
中野有香 ナカヤマフェスタ 下地紫野
45%
荒木比奈 ロイスアンドロイス 田辺留依
45%
園田智代子 ネオユニヴァース 白石晴香
42%
堀裕子 トーセンジョーダン 鈴木絵理
42%
森久保乃々 カワカミプリンセス 高橋花林
42%
安部菜々 マーベラスサンデー 三宅麻理恵
41%
依田芳乃 シンコウウインディ 高田憂希
39%
櫻井桃華 ゼンノロブロイ 照井春佳
38%
周防桃子 ナリタタイシン 渡部恵子
38%
奥空心白 ビコーペガサス 田中あいみ
34%
浜口あやめ イクノディクタス 田澤茉純
30%
No matching quizzes found
Score Distribution
Percent of People with Each Score
Percentile by Number Answered
Your Score History
You have not taken this quiz since the last reset